Olympique Lyonnais | Effectif Ligue 1 - 2024/2025 - Statistiques

Statistiques générales
  • Ce quiz a été pris 145 fois
    86 depuis la dernière actualisation
  • Le résultat moyen est 21 sur 24
Statistiques - réponses
Poste Joueurs Nationalité Numéro % Correct
Gardien de but Lucas Perri 1
99%
Attaquant Georges Mikautadze 69
97%
Milieu de terrain Nemanja Matic 31
97%
Défenseur Ainsley Maitland-Niles 98
96%
Attaquant Alexandre Lacazette 10
96%
Défenseur Clinton Mata 22
96%
Milieu de terrain Corentin Tolisso 8
96%
Attaquant Malick Fofana 11
96%
Défenseur Nicolás Tagliafico 3
96%
Coach Paulo Fonseca
96%
Défenseur Duje Caleta-Car 55
94%
Attaquant Ernest Nuamah 37
94%
Milieu de terrain Rayan Cherki 18
94%
Milieu de terrain Thiago Almada 23
93%
Défenseur Moussa Niakhaté 19
92%
Milieu de terrain Tanner Tessmann 15
88%
Défenseur Abner 16
86%
Défenseur Saël Kumbedi 20
86%
Gardien de but Rémy Descamps 40
83%
Milieu de terrain Jordan Veretout 7
81%
Milieu de terrain Paul Akouokou 4
79%
Défenseur Warmed Omari 27
78%
Attaquant Enzo Molebe 29
64%
Gardien de but Lassine Diarra 50
46%
Aucun quiz correspondant
Distribution des résultats
% des personnes avec chaque résultat
Percentile par nombre de réponses
Votre historique - résultats
Vous n’avez pas pris ce quiz depuis la dernière actualisation